Lekkoatletyka - test - Statystyki

Ogólne statystyki
  • Ten quiz został rozwiązany 253 razy
  • Średni wynik to 13 z 30
Statystyki odpowiedzi
Zagadnienie Odpowiedź % Poprawnych
kto zdobył najwięcej medali olimijskich? Irena Szewińska
100%
Ile wynosi rekord Polski w biegu na 400M płaskie kobiet ? 49,28s
73%
Jak nazywała się najszybsza kobieta w historii, od 1988 r. aktualna rekordzistka świata w biegu na 100 i 200 metrów? Marion Jones
73%
Jakiej narodowości jest Usain Bolt Jamajka
69%
Która kobieta jest obecną rekordzistką świata w maratonie? Brigid Kosgei
65%
Kto jest obecnym rekordzistą świata w rzucie oszczepem mężczyzn? Jan Železný
65%
Czym nie rzuca się na zawodach lekkoatletycznych? Piłeczką palantową
65%
Kto został mistrzem olimpijskim podczas olimpiady w Pekinie w biegu na 5 i 10km mężczyzn? Kenenisa Bekele
62%
Kiedy został założony Polski Związek Lekkiej Atletyki? 1919r.
58%
Kto jest rekordzistą Polski w skoku wzwyż? Artur Partyka
54%
Kto jest aktualnym mistrzem świata na 100m z Pekinu? Usain Bolt
54%
Co ile lat odbywają się Mistrzostwa świata w lekkoatletyce? 2
50%
Jakiej narodowości jest Wilson Kipketer ( rekordzista świata w biegu na 800m)? Dania
50%
Kto jest mistrzem Polski w biegu na 100 m? Marcin Urbaś
46%
W którym mieście odbyły się MŚ w 1999r.? Sevilla
46%
W której lekkoatletycznej konkurencji Irena Szewińska nigdy nie była rekordzistką świata? Skok w dal
46%
Ile medali zdobyli Polacy na MŚ w Osace (2007)? 3
42%
Jaki medal zdobył Marek Plawgo na Mistrzostwach Świata w Osace w 2007r.? brązowy
42%
Jaki jest angielski skrót Europejskiego Stowarzyszenia Lekkoatletycznego? EAA
42%
W jakim kraju odbyły się lekkoatletyczne mistrzostwa świata w 2013 roku? w Rosji
42%
Który z rekordów świata w lekkoatletyce był najrzadziej bity? w skoku w dal mężczyzn
38%
"Wszyscy widzą, jak biega, ale nikt nie potrafi tego powtórzyć. Jego krok jest tak swobodny, jakby biegł z górki. "O kim mowa? Hicham El Guerrouj
35%
W którym roku Usain Bolt zdobył swój pierwszy złoty medal? 2008r.
27%
Gdzie odbyły się halowe mistrzostwa świata lekkoatletyki w 2010 roku? Katar
23%
Z jakiej miejscowości pochodzi polska mistrzyni olimpijska Anita Włodarczyk? Rawicz
23%
Gdzie po raz pierwszy zostały zorganizowane Halowe mistrzostwa świata w lekkoatletyce ? Paryż
19%
Jaka instytucja zajmuje się LA w Polsce? Międzynarodowe Stowarzyszenie Federacji Lekkoatletycznych
12%
Jaki medal zdobyła Anita Włodarczyk w rzucie młotem na Igrzyskach Olimpijskich w Londynie 2012 roku? Brązowy
4%
Kto jest najbardziej utytułowanym lekkoatletą w historii Igrzysk Olimpijskich? Paavo Nurmi
4%
Która ze sztafet zdobyła złoty medal w Pekinie i pobiła rekord świata? Rosja
0%
Nie znaleziono quizów pasujących do podanych kryteriów
Rozkład punktacji
Procent ludzi z każdym wynikiem
Percentyl według liczby udzielonych odpowiedzi
Twoja historia wyników
Nie rozwiązałeś tego quizu